000 00817nam a2200265 i 4500
001 67640
003 ES-MaACL
005 20250831080837.0
007 t|
008 040608s1995 sp ||||0| spa d
020 _a84-254-1906-9
040 _aM-BN
_bspa
_cM-BN
080 _a26
100 1 _aHäring, Bernhard.
_961847
245 1 4 _aLas cosas deben cambiar
_b: una confesión valiente /
_cBernhard Háring ; [versión castellana de Marciano Villanueva Salas].
260 _aBarcelona :
_bHerder,
_c1995.
300 _a153 p. ;
_c18 cm.
490 1 _aColección Resortes
610 2 4 _aIglesia Católica-
_yS.XX
_94658
700 1 _aVillanueva, Marciano.
_9115029
830 0 _aColección Resortes
_9230908
852 _aES-MaACL
_jL-27935
_bR.132989
999 _c67640
_d67640